01514cam a2200445 4500003000900000005001700009020001500026035002700041035001800068035001800086041000700104044000700111082002100118100002500139245004600164264006000210300003400270505012900304526000900433526000900442526000900451526000900460526000900469526000900478526000800487526000800495526000800503526000800511526000800519526000800527650002500535942001400560949007300574859002900647910001000676596000600686999015600692980005500848952016500903PE-LiUPU20250731184608.0 a0961308907 a(Sirsi) i9780961308902 a(Sirsi) 19973 a(Sirsi) 19973 aen aus04a930.1095694bS471 aShanks, Hersheleed. aRecent Archaeology in the Land of Israel. 1aWashington, D.C. :bBiblical Archaeology Society,c1984 a194 páginas :bil ;c24 cm.0 aExcavations and discoveries -- "Break forth together into singing, you waste places of Jerusalem" -- Israel through the ages aP136 aP135 aP134 aP133 aP144 aP143 aP87 aP35 aP20 aP14 aP10 aP06 jISRAEL - ARQUEOLOGIA 2ddccBOOK a930.1095694 S47i42857lCCODEBUL1mBULtLIBROo.STAFF. Circulación q42857 h930.1095694iS47 aaj-em a1 a930.1095694 S47wDEWEYc60827i42857f2022-5-6g1lCCODEBUL1mBULr1sYtBOOKu2015-6-16xTEOLOGIAzUNKNOWN0COMPRAo.STAFF. Colección Generald60827 81gALBERTO SANCHEZ Responsable de Automatización r2025-12-03 00:00:00i2l0o930.1095694 S47p42857te1w2015-06-16xFACIHEDyBKzinventario-2023-12-13102ddc50708GENfP14aBULbBULcGENd2015-06-16eCOMPRA